Statistiques concernant Mots français réempruntés au Latin

Cliquez ici pour prendre le quiz!

Statistiques générales

  • Ce quiz a été pris 44 fois
  • Le résultat moyen est 4 sur 15

Statistiques - réponses

Mot SourceMot EmpruntéMot Hérité% Correct
DiurnusDiurneJour
54%
RatioRationRaison
44%
DirectusDirectDroit
37%
ApprehendereAppréhenderApprendre
34%
MedianaMédianeMoyenne
34%
TerritoriumTerritoireTerroir
32%
FragilisFragileFrêle
29%
DebitumDébitDette
24%
AuscultareAusculterÉcouter
22%
StrictusStrictÉtroit
15%
SpatulaSpatuleÉpaule
12%
FactioFactionFaçon
10%
PensarePenserPeser
7%
TraditioTraditionTrahison
7%
MinutusMinuteMenu
5%

Distribution des résultats

Percentile par nombre de réponses

% des personnes avec chaque résultat

Votre développement - résultats

Vous n’avez pas pris ce quiz